Digital Electronics - An Introduction to Theory & Practice (Record no. 8594)

MARC details
000 -LEADER
fixed length control field 00414nam a2200157Ia 4500
008 - FIXED-LENGTH DATA ELEMENTS--GENERAL INFORMATION
fixed length control field 221030s9999 xx 000 0 und d
020 ## - INTERNATIONAL STANDARD BOOK NUMBER
ISBN 8120303482
041 ## - LANGUAGE CODE
Language code of text/sound track or separate title
082 ## - DEWEY DECIMAL CLASSIFICATION NUMBER
Classification number 105.23
Item number Got
100 ## - MAIN ENTRY--AUTHOR NAME
Personal name W. H. Gothmann
245 #0 - TITLE STATEMENT
Title Digital Electronics - An Introduction to Theory & Practice
Statement of responsibility, etc by W. H. Gothmann
260 ## - PUBLICATION, DISTRIBUTION, ETC. (IMPRINT)
Name of publisher PHI
Place of publication New Delhi
Year of publication 1996
300 ## - PHYSICAL DESCRIPTION
Number of Pages 383
650 ## - SUBJECT ADDED ENTRY--TOPICAL TERM
Topical Term BE Computer
942 ## - ADDED ENTRY ELEMENTS (KOHA)
Koha item type Books
Holdings
Accession Number Cost, normal purchase price Full call number Price effective from Koha item type Withdrawn / writtenoff status Materials specified (bound volume or other part) Damaged status Not for loan Permanent Location Current Location Shelving location Date acquired Lost/ Missing status department
BE 828 110.00 105.23 Got 10/30/2022 Books   Print     MIET Library, Jammu MIET Library, Jammu BL-Academic Block C, FL-2, CUP-93, SH-6, R-6 01/29/2000   BE